Loading...
| Science - Physics | 0 | 3 | 1 | 1 | 25 | 110 | 115.33 | 1 | 3 | 0.00 | 0.00 |
| Religion | 0 | 3 | 1 | 0 | 25 | 93 | 106.67 | 3 | 3 | 0.00 | 0.00 |
| Science - Biology | 0 | 2 | 0 | 2 | 20 | 117 | 121.00 | 0 | 2 | 0.00 | 0.00 |
| History - American | 0 | 2 | 0 | 1 | 20 | 104 | 114.50 | 0 | 2 | 0.00 | 0.00 |
| Literature - British | 0 | 2 | 0 | 1 | 20 | 133 | 139.00 | 0 | 2 | 0.00 | 0.00 |
| Social Science | 0 | 1 | 0 | 0 | 10 | 114 | 114.00 | 0 | 1 | 0.00 | 0.00 |
| Literature - American | 0 | 1 | 0 | 0 | 10 | 150 | 150.00 | 0 | 1 | 0.00 | 0.00 |
| Literature - World | 0 | 1 | 0 | 1 | 10 | 154 | 154.00 | 0 | 1 | 0.00 | 0.00 |
| Other | 0 | 1 | 0 | 0 | 10 | 104 | 104.00 | 0 | 1 | 0.00 | 0.00 |
| Science - Other | 0 | 1 | 0 | 0 | 10 | 104 | 104.00 | 0 | 1 | 0.00 | 0.00 |
| Fine Arts - Painting & Sculpture | 0 | 1 | 0 | 0 | 10 | 129 | 129.00 | 0 | 1 | 0.00 | 0.00 |
| Mythology | 0 | 0 | 0 | 0 | 0 | 0.00 | 0 | 0 | 0.00 | 0.00 | |
| History - European | 0 | 0 | 1 | 0 | -5 | 0.00 | 0 | 0 | 0.00 | 0.00 | |
| Science - Chemistry | 0 | 0 | 1 | 0 | -5 | 0.00 | 0 | 0 | 0.00 | 0.00 |